| 000 | 00756nam a22002297a 4500 | ||
|---|---|---|---|
| 001 | 44734 | ||
| 003 | BD-RjUL | ||
| 005 | 20211209053916.0 | ||
| 008 | 160720s1965 B ||||| |||| 00| 0 B d | ||
| 020 | _c4.00 | ||
| 035 | _a(BD-RjUL)44852 | ||
| 040 |
_aBD-RjUL _bben _cBD-RjUL |
||
| 041 | _aben | ||
| 082 |
_223 _a891.443 _bUDN 1965 |
||
| 100 |
_aউদ্ দীন, সরদার জয়েন _9137156 |
||
| 245 |
_aনীল-রঙ-রক্ত / _cসরদার জয়েন উদ্ দীন |
||
| 260 |
_aঢাকা : _bস্টডেট ওয়জ, _c1965 |
||
| 300 |
_a১৬৭ পৃ. _c২২ সেমি. |
||
| 650 |
_aবাংলা উপন্যাস _9137157 |
||
| 650 |
_a Bengali Fiction _9137158 |
||
| 942 |
_2ddc _cBK |
||
| 999 |
_c44734 _d44734 |
||